000 00952nam2a22002531 4500
001 rc\3282568
005 20250609203605.0
021 _aRU
_b[73-64716]
035 _a(NLR Aleph) 007492799
090 _a7632043
_c7632043
100 _a20130115d1973 |||y0rusy50 ca
101 1 _arus
_ceng
102 _aRU
105 _aa z |||||
200 1 _aВселенная
210 _d1973
_aБ. м.
215 _a431 с.
_cил.
461 0 _1001rc\3282567
_12001#$aФизика$e[В 4 ч.$eДля сред. школы]$eПер. с англ.$fПод ред. А.С. Ахматова$vЧ. 1
_97632037
_cМосква
_d1973-
_e[2-е изд., доп.]. Ч. 1-
_fПод ред. А.С. Ахматова
_nНаука
_o[В 4 ч. : Для сред. школы] : Пер. с англ.
_tФизика
_vЧ. 1
607 _aВселенная (ч. 1)
_2psbo
801 0 _aRU
_bNLR
_gpsbo
801 1 _aRU
_bELAR
_2rusmarc
852 _aNLR
_j73-5/3559
942 _cBOOK
980 _aNB